THE ASCRS MANUAL OF COLON AND RECTAL SURGERY (Record no. 21393)

MARC details
000 -LEADER
fixed length control field 00359nam a22001577a 4500
003 - CONTROL NUMBER IDENTIFIER
control field SGT
020 ## - INTERNATIONAL STANDARD BOOK NUMBER
International Standard Book Number 9788184893564
082 ## - DEWEY DECIMAL CLASSIFICATION NUMBER
Classification number 617
Item number A09B
100 ## - MAIN ENTRY--PERSONAL NAME
Personal name BECK, DAVID E.
245 ## - TITLE STATEMENT
Title THE ASCRS MANUAL OF COLON AND RECTAL SURGERY
250 ## - EDITION STATEMENT
Edition statement 1ST
260 ## - PUBLICATION, DISTRIBUTION, ETC. (IMPRINT)
Place of publication, distribution, etc INDIA
Name of publisher, distributor, etc SPRINGER PUB
Year of Publication 2009
300 ## - PAGE DESCRIPTION
No. of Pages 1046
650 ## - SUBJECT ADDED ENTRY--TOPICAL TERM
Topical term or geographic name as entry element GENERAL SURGERY
942 ## - ADDED ENTRY ELEMENTS (KOHA)
Source of classification or shelving scheme Dewey Decimal Classification
Koha item type Books
Holdings
Withdrawn status Lost status Source of classification or shelving scheme Damaged status Not for loan Collection code Home library Current library Shelving location Date acquired SGTU Total Checkouts Full call number Accession No. (Barcode) Date last seen Bill Date Koha item type
    Dewey Decimal Classification   Not For Loan MEDICAL SGT Medical Library SGT Medical Library Reference Book 07/06/2021 SGTU   617 A09B FM12489 07/06/2021 07/06/2021 Books